LEADER 01515nam a2200277 i 4500 001 000000244636 003 CaOOAMICUS 005 20151030000000.0 008 151030s2015 it u000 u ita u 013 $a223541 020 $a978-88-307-2323-8 040 $aSeMil$bita 245 10$a«Alzati e va' a Ninive, la grande città» dove il Vangelo si fa incontro :$batti del 4. Convegno missionario nazionale : Sacrofano (Roma), 20-23 novembre 2014. 260 $aBologna :$bEMI,$c2015. 300 $a335 p., [4] p. di tav. ;$c21 cm. 490 0 $aDocuMissio ;$v4 500 $aIn testa al front : Missio : organismo pastorale della CEI ; Cums : Centro unitario per la cooperazione missionaria fra le chiese ; Ufficio Nazionale per la cooperazione nazionale tra le chiese. 650 4$aMissioni - Studi.$0(OLS)http://semarc/subject/7759 700 1 $aConvegno Missionario Nazionale <4. ; 2014 ; Sacrofano (Roma)>.$0(OLS)http://semarc/name/82450 830 0$aDocuMissio ;$v4.$0(OLS)http://semarc/title/43965 850 $aSeMil 852 $aSeMil$W1$xVenegono$y1$m3E I 343$j194982$B194982$CSeMilBibl$Z2$F207374 $81 961 $aOmaggio: Delpini mons. Mario 996 $6020$a978-88-307-2323-8$9(OLS)http://semarc/number/252967 996 $6245$a«Alzati e va' a Ninive, la grande città» dove il Vangelo si fa incontro :$batti del 4. Convegno missionario nazionale : Sacrofano (Roma), 20-23 novembre 2014$9(OLS)http://semarc/title/346531 996 $6260$aBologna :$bEMI$9(OLS)http://semarc/publisher/29618 LEADER 01059nam a2200241 i 4500 001 000000160115 003 CaOOAMICUS 005 20070313000000.0 008 070313s2006 gw u000 u mul u 013 $a137478 020 $a978-3-525-53448-9 040 $aSeMil$bita 245 10$aRuth /$cedidit Udo Quast. 300 $a208 p. ;$c24 cm + [1] all. 650 4$aBibbia. Antico Testamento. Rut - Commentari, studi, critica, interpretazioni.$0(OLS)http://semarc/subject/6673 650 4$aBibbia. Antico Testamento. Rut - Traduzioni greche.$0(OLS)http://semarc/subject/17313 700 1 $aQuast, Udo <1939-2005>.$0(OLS)http://semarc/name/92503 773 0 $aAkademie der Wissenschaften $tSeptuaginta.$dIn Göttingen : Vandenhoeck & Ruprecht, 1974-$g4$w()239 850 $aSeMil 852 $aSeMil$W1$xVenegono$y1$mSL1.R III 24/3$j111593$B111593$CSeMilBibl$Z2$F121545 $8I 961 $aSottoscrizione: Glossa (Libreria) 996 $6020$a978-3-525-53448-9$9(OLS)http://semarc/number/75807 996 $6245$aRuth$9(OLS)http://semarc/title/142512